New Toeic 400 New toeic test preparation program practice tests Season 2

Trình bày những điểm thay đổi chính trong bài thi TOEIC mới. Các dạng bài thường gặp và đề thi mô phỏng bài thi TOEIC mới

Uloženo v:
Podrobná bibliografie
Hlavní autor: Kim, Dae Kyun
Médium: Kniha
Jazyk:Undetermined
Vydáno: Tp. Hồ Chí Minh Trẻ 2011
Témata:
On-line přístup:http://lrc.tdmu.edu.vn/opac/search/detail.asp?aID=2&ID=16263
Tagy: Přidat tag
Žádné tagy, Buďte první, kdo otaguje tento záznam!
Thư viện lưu trữ: Trung tâm Học liệu Trường Đại học Thủ Dầu Một
LEADER 00851nam a2200229Ia 4500
001 TDMU_16263
008 210410s9999 xx 000 0 und d
082 |a 428 
090 |b K310 
100 |a Kim, Dae Kyun 
245 0 |a New Toeic 400 
245 0 |b New toeic test preparation program practice tests 
245 0 |c Kim Dae Kyun 
245 0 |n Season 2 
260 |a Tp. Hồ Chí Minh 
260 |b Trẻ 
260 |c 2011 
300 |a 214tr. 
520 |a Trình bày những điểm thay đổi chính trong bài thi TOEIC mới. Các dạng bài thường gặp và đề thi mô phỏng bài thi TOEIC mới 
650 |a Tiếng Anh  |x TOEIC  |v Sách luyện thi 
856 |u http://lrc.tdmu.edu.vn/opac/search/detail.asp?aID=2&ID=16263 
980 |a Trung tâm Học liệu Trường Đại học Thủ Dầu Một